00422nam a2200169 a 450000100060000000300090000600800410001502000120005604000280006808200100009610000150010624500240012126000330014530000100017849000280018865000360021619342CO-ViMGA141112s2004 ck r 000 u spa d a6390721 aCO-ViMGAbspacCO-ViMGA04aGOSro1 aGoscinny, 10aLa Rosa y la espada aBarcelona : bGrijalbo; 1992 a48 p. aUna aventura de Asterix14aCUENTOS INFANTILES DE AVENTURAS